[Event "Krakow op-A 34th"]
[Site "Krakow"]
[Date "2024.01.02"]
[Round "7"]
[White "Szczurek, Krzysztof"]
[Black "Nemsadze, Daviti"]
[Result "1-0"]
[WhiteElo "2175"]
[BlackElo "2253"]
[PlyCount "63"]
[EventDate "2023.12.27"]
[EventType "swiss"]
[EventRounds "9"]
[EventCountry "POL"]
[SourceTitle "CB02_2024"]
[SourceDate "2024.01.10"]
[SourceVersion "1"]
[SourceVersionDate "2024.01.10"]
[SourceQuality "1"]

1. Nf3 c5 2. c4 Nc6 3. Nc3 Nf6 4. e4 e5 5. d3 d6 6. Be2 a6 7. 0-0 Rb8 8. Nd5 Be7 9. Bd2 b5 10. b3 0-0 11. Bc3 Bg4 12. Nxe7+ Nxe7 13. Nh4 Bxe2 14. Qxe2 g5 15. Nf3 h6 16. h4 Nh7 17. Nh2 Ng6 18. Ng4 Kg7 19. Ne3 Nf4 20. Qf3 Nf6 21. g3 Ne6 22. Nf5+ Kg6 23. h5+ Kh7 24. Nxd6 Qxd6 25. Qxf6 Qxd3 26. Bxe5 Rb7 27. Qf5+ Kg8 28. Rad1 Qe2 29. Rd6 Qxh5 30. Qf6 Kh7 31. Rxe6 Rg8 32. Re8 1-0

[Event "Krakow op-A 34th"]
[Site "Krakow"]
[Date "2023.12.29"]
[Round "3"]
[White "Janzelj, Tim"]
[Black "Nemsadze, Daviti"]
[Result "0-1"]
[WhiteElo "2441"]
[BlackElo "2253"]
[PlyCount "120"]
[EventDate "2023.12.27"]
[EventType "swiss"]
[EventRounds "9"]
[EventCountry "POL"]
[SourceTitle "CB02_2024"]
[SourceDate "2024.01.10"]
[SourceVersion "1"]
[SourceVersionDate "2024.01.10"]
[SourceQuality "1"]

1. d4 Nf6 2. c4 e6 3. Nc3 Bb4 4. Bd2 b6 5. Nf3 Bb7 6. e3 Bxc3 7. Bxc3 Ne4 8. Bb4 c5 9. Ba3 a5 10. Nd2 Na6 11. b3 Qf6 12. Nxe4 Bxe4 13. f3 Bg6 14. Bb2 Nb4 15. Kf2 0-0 16. Qd2 Qe7 17. h4 h5 18. a3 Na6 19. Rd1 d6 20. Qc3 e5 21. dxe5 dxe5 22. Bd3 Bxd3 23. Rxd3 Rfd8 24. Rd5 f6 25. Rhd1 Nc7 26. R5d3 Ne6 27. Qc2 Rxd3 28. Rxd3 Rd8 29. Ke2 Rxd3 30. Qxd3 Nf8 31. Qd5+ Qe6 32. Kd3 Kf7 33. Kc3 Ng6 34. Qb7+ Ne7 35. Qc7 Qc6 36. Qd8 Nf5 37. Qh8 Nxe3 38. Qxh5+ Kg8 39. Bc1 Nxg2 40. Bd2 Qd7 41. Kc2 a4 42. b4 Qe6 43. Kc3 cxb4+ 44. axb4 a3 45. Qg4 Qxg4 46. fxg4 a2 47. Kb2 Kf7 48. h5 e4 49. g5 fxg5 50. Bxg5 e3 51. Kxa2 e2 52. Bd2 e1Q 53. Bxe1 Nxe1 54. Kb3 Ke6 55. Ka4 Kd7 56. Kb5 Kc7 57. Ka6 Nd3 58. b5 Nc5+ 59. Ka7 Nb7 60. Ka6 Nd6 0-1

[Event "Thessaloniki op 3rd"]
[Site "Thessaloniki"]
[Date "2023.08.06"]
[Round "2"]
[White "Nemsadze, Daviti"]
[Black "Kukelko, Alexey"]
[Result "0-1"]
[WhiteElo "1978"]
[BlackElo "2303"]
[PlyCount "56"]
[EventDate "2023.08.05"]
[EventType "swiss"]
[EventRounds "9"]
[EventCountry "GRE"]
[SourceTitle "CBM 215 Extra"]
[Source "ChessBase"]
[SourceDate "2023.09.30"]
[SourceVersion "1"]
[SourceVersionDate "2023.09.30"]
[SourceQuality "1"]

1. e4 c5 2. Nf3 e6 3. d4 cxd4 4. Nxd4 Qb6 5. Be3 Bc5 6. Nb5 Bxe3 7. fxe3 Nc6 8. Nd6+ Ke7 9. Nc4 Qc5 10. Nbd2 b5 11. Nb3 Qg5 12. Qd6+ Ke8 13. Ncd2 Qxe3+ 14. Kd1 Nf6 15. Be2 Qg5 16. c3 Rb8 17. a4 b4 18. Kc2 bxc3 19. bxc3 Qe5 20. Qd3 Qc7 21. Qc4 Ba6 22. Qc5 Bxe2 23. Rhe1 Ba6 24. e5 Nd5 25. Ne4 Nxe5 26. Nd6+ Ke7 27. Nf5+ Kf6 28. Nd6 Bd3+ 0-1

[Event "Poti op 16th"]
[Site "Poti"]
[Date "2023.07.17"]
[Round "6"]
[White "Yeritsyan, Hayk"]
[Black "Nemsadze, Daviti"]
[Result "1-0"]
[WhiteElo "2181"]
[BlackElo "1970"]
[PlyCount "67"]
[EventDate "2023.07.12"]
[EventType "swiss"]
[EventRounds "9"]
[EventCountry "GEO"]
[SourceTitle "EXT 2024"]
[Source "ChessBase"]
[SourceDate "2023.10.10"]
[SourceVersion "1"]
[SourceVersionDate "2023.10.10"]
[SourceQuality "1"]

1. d4 Nf6 2. c4 e6 3. Nc3 Bb4 4. e3 0-0 5. Bd2 b6 6. Nf3 Ba6 7. Bd3 c5 8. a3 cxd4 9. axb4 dxc3 10. Bxc3 d5 11. b3 Ne4 12. Bb2 Qe7 13. 0-0 Rd8 14. Qc2 f5 15. Nd4 Bb7 16. b5 Nd7 17. cxd5 Bxd5 18. Nc6 Bxc6 19. bxc6 Ndc5 20. Bxe4 fxe4 21. Qc4 a5 22. Bd4 Rdc8 23. Rfd1 Ra7 24. b4 axb4 25. Rxa7 Qxa7 26. Bxc5 Rxc6 27. Rd8+ Kf7 28. Rf8+ Kg6 29. Qxe4+ Kh6 30. Qh4+ Kg6 31. Qg4+ Kh6 32. Rf6+ g6 33. Bf8+ Qg7 34. Qh4# 1-0

[Event "EU-ch U14 30th"]
[Site "Antalya"]
[Date "2022.11.10"]
[Round "5"]
[White "Sapocinic, Semion"]
[Black "Nemsadze, Daviti"]
[Result "1/2-1/2"]
[WhiteElo "1977"]
[BlackElo "2104"]
[PlyCount "48"]
[EventDate "2022.11.06"]
[EventType "swiss"]
[EventRounds "9"]
[EventCountry "TUR"]
[SourceTitle "EXT 2024"]
[Source "ChessBase"]
[SourceDate "2023.10.10"]
[SourceVersion "1"]
[SourceVersionDate "2023.10.10"]
[SourceQuality "1"]

1. c4 e6 2. Nf3 Nf6 3. g3 d5 4. b3 c5 5. Bg2 Nc6 6. 0-0 d4 7. e3 Bd6 8. exd4 cxd4 9. Bb2 e5 10. d3 0-0 11. Na3 Bf5 12. Nc2 Re8 13. a3 a5 14. Qd2 Qb6 15. Nh4 Bd7 16. Rab1 e4 17. dxe4 Nxe4 18. Qd1 Rad8 19. b4 axb4 20. axb4 Bxb4 21. Bxd4 Qa5 22. Nxb4 Nxb4 23. Ra1 Qc7 24. Qb3 Be6 1/2-1/2

[Event "World ol U16"]
[Site "Nakhchivan"]
[Date "2022.10.05"]
[Round "4.3"]
[White "Madaminov, Mukhiddin"]
[Black "Nemsadze, Daviti"]
[Result "1/2-1/2"]
[WhiteElo "2425"]
[BlackElo "2010"]
[PlyCount "95"]
[EventDate "2022.10.02"]
[EventType "team-swiss"]
[EventRounds "9"]
[EventCountry "AZE"]
[SourceTitle "CBM 210 Extra"]
[Source "ChessBase"]
[SourceDate "2022.11.30"]
[SourceVersion "1"]
[SourceVersionDate "2022.11.30"]
[SourceQuality "1"]
[WhiteTeam "Uzbekistan"]
[BlackTeam "Georgia"]
[WhiteTeamCountry "UZB"]
[BlackTeamCountry "GEO"]

1. Nf3 Nf6 2. c4 c5 3. Nc3 Nc6 4. e3 d5 5. d4 e6 6. a3 cxd4 7. exd4 Be7 8. cxd5 exd5 9. h3 Bf5 10. Bb5 0-0 11. Bxc6 bxc6 12. 0-0 Ne4 13. Na4 Bd6 14. Be3 Re8 15. Rc1 Qd7 16. Re1 Rac8 17. Ne5 Bxe5 18. dxe5 Rxe5 19. Bf4 Re7 20. Qd4 c5 21. Qd1 c4 22. f3 Nf6 23. Rxe7 Qxe7 24. Qd4 Be6 25. Be5 Nd7 26. Bf4 Nc5 27. Nxc5 Qxc5 28. Be3 Qxd4 29. Bxd4 a5 30. Kf2 a4 31. g4 f5 32. Re1 Kf7 33. Kg3 g6 34. Kf4 h6 35. g5 h5 36. h4 Re8 37. Re5 Rb8 38. Ke3 Rb3+ 39. Bc3 Rb8 40. f4 Rd8 41. Kd4 Rc8 42. Re3 Rc6 43. Bb4 Rc8 44. Bd6 Rc6 45. Bc5 Rc8 46. Bb4 Rc7 47. Bc3 Rc8 48. Bb4 1/2-1/2

[Event "Poti op 15th"]
[Site "Poti"]
[Date "2022.07.20"]
[Round "5"]
[White "Nemsadze, Daviti"]
[Black "Patsia, Zviad"]
[Result "0-1"]
[WhiteElo "1923"]
[BlackElo "2204"]
[PlyCount "36"]
[EventDate "2022.07.16"]
[EventType "swiss"]
[EventRounds "9"]
[EventCountry "GEO"]
[SourceTitle "CBM 209 Extra"]
[Source "ChessBase"]
[SourceDate "2022.09.30"]
[SourceVersion "1"]
[SourceVersionDate "2022.09.30"]
[SourceQuality "1"]

1. e4 c5 2. Nf3 Nc6 3. Bb5 g6 4. 0-0 Bg7 5. c3 Nf6 6. Re1 0-0 7. d4 cxd4 8. cxd4 a6 9. Bf1 d5 10. e5 Ne8 11. Be3 f6 12. exf6 Nxf6 13. Nc3 Ng4 14. Bg5 Qd6 15. g3 Nxd4 16. Nxd4 Rxf2 17. Nc2 Rxh2 18. Be3 Qxg3+ 0-1